000 00537cam a22001933a 4500
001 45762
003 PGUSA
005 20140828084048.0
008 140526s2014||||xxu|||||s|||||000 | eng d
040 _aPGUSA
_beng
042 _adc
245 1 0 _aGames and Songs of American Children
_h[electronic resource] /
_cVarious
260 _bProject Gutenberg,
_c2014
506 _aPublic domain in the USA.
516 _aElectronic text
830 0 _aProject Gutenberg
_v45762
856 4 0 _uhttp://www.gutenberg.org/ebooks/45762
942 _cEB
999 _c275012
_d275012